[Event "FRA-chT2 1011"]
[Site "France"]
[Date "2010.11.14"]
[Round "3.4"]
[White "Delafargue, Bertrand"]
[Black "Orozco, Rafael"]
[Result "0-1"]
[WhiteElo "2097"]
[BlackElo "2036"]
[PlyCount "64"]
[EventDate "2010.10.17"]
[EventType "team-tourn"]
[EventRounds "11"]
[EventCountry "FRA"]
[SourceTitle "EXT 2012"]
[Source "ChessBase"]
[SourceDate "2011.11.24"]
[SourceVersion "1"]
[SourceVersionDate "2011.11.24"]
[SourceQuality "1"]

1. Nf3 d5 2. c4 e6 3. g3 Nf6 4. Bg2 Be7 5. b3 0-0 6. 0-0 c5 7. e3 Nc6 8. Bb2 Qb6 9. Na3 Rd8 10. Qe2 a6 11. Rfd1 Qa5 12. d3 b5 13. Nc2 Bb7 14. a3 Qb6 15. Rab1 h6 16. cxd5 Nxd5 17. d4 cxd4 18. Ncxd4 Bf6 19. Nxc6 Bxc6 20. Ne5 Rac8 21. Bd4 Nc3 22. Qh5 Rxd4 23. Qxf7+ Kh8 24. exd4 Bxg2 25. Kxg2 Nxb1 26. Rxb1 Qxd4 27. Qxe6 Qe4+ 28. Kh3 Qxb1 29. Qxc8+ Kh7 30. f4 Qf1+ 31. Kg4 h5+ 32. Kxh5 Qe2+ 0-1

[Event "FRA-chT2"]
[Site "France"]
[Date "2001.12.??"]
[Round "4"]
[White "Labadie, Jean Jacques"]
[Black "Delafargue, Bertrand"]
[Result "0-1"]
[WhiteElo "2063"]
[BlackElo "2125"]
[PlyCount "128"]
[EventDate "2002.??.??"]
[EventType "team"]
[EventRounds "11"]
[EventCountry "FRA"]
[SourceTitle "EXT 2003"]
[Source "ChessBase"]
[SourceDate "2002.11.25"]
[SourceVersion "1"]
[SourceVersionDate "2002.11.25"]
[SourceQuality "1"]

1. d4 Nf6 2. c4 g6 3. Nc3 d5 4. cxd5 Nxd5 5. e4 Nxc3 6. bxc3 Bg7 7. Rb1 c5 8. Nf3 0-0 9. Be2 b6 10. 0-0 Bb7 11. Qd3 e6 12. Rd1 Nd7 13. Bg5 Qc7 14. Rbc1 Nf6 15. Nd2 h6 16. Bh4 Rac8 17. f3 Nh5 18. Qe3 g5 19. Bf2 Nf4 20. Nb3 cxd4 21. cxd4 Qe7 22. Bf1 Rfd8 23. g3 Ng6 24. Rxc8 Rxc8 25. Rc1 Qd7 26. Bh3 Rxc1+ 27. Qxc1 Qc6 28. Qxc6 Bxc6 29. Bf1 Ne7 30. Bc4 g4 31. d5 exd5 32. exd5 Bxd5 33. Bxd5 Nxd5 34. fxg4 Nf6 35. h3 Ne4 36. Kg2 Nxf2 37. Kxf2 Be5 38. Kf3 Kg7 39. Nd2 Kg6 40. h4 a6 41. Ne4 f6 42. h5+ Kf7 43. Nd2 b5 44. Ke4 Bxg3 45. Kd5 b4 46. Ne4 Bf4 47. Kc4 a5 48. Kb5 Ke6 49. Kxa5 Ke5 50. Nc5 Bd2 51. Nd3+ Ke4 52. Nxb4 Kf4 53. Kb5 Kxg4 54. a4 f5 55. a5 f4 56. a6 Be3 57. Nd5 Ba7 58. Kc4 f3 59. Kd3 Kxh5 60. Nb4 Kh4 61. Nc6 Bb6 62. a7 Bxa7 63. Nxa7 Kg3 64. Nb5 f2 0-1

[Event "Lost Boys op"]
[Site "Amsterdam"]
[Date "2001.08.19"]
[Round "9"]
[White "Roebers, Jan"]
[Black "Delafargue, Bertrand"]
[Result "1-0"]
[WhiteElo "2303"]
[BlackElo "2150"]
[PlyCount "113"]
[EventDate "2001.08.10"]
[EventType "swiss"]
[EventRounds "9"]
[EventCountry "NED"]
[SourceTitle "CBM 083 Extra"]
[Source "ChessBase"]
[SourceDate "2001.09.11"]
[SourceVersion "1"]
[SourceVersionDate "2001.09.11"]
[SourceQuality "1"]

1. e4 c5 2. Nf3 e6 3. b3 b6 4. d4 cxd4 5. Nxd4 Bb7 6. Bd3 d6 7. Nd2 Nf6 8. 0-0 Be7 9. Bb5+ Kf8 10. Qe2 Qc8 11. Ba3 Nbd7 12. f4 Nc5 13. e5 Nd5 14. Bb2 Nc7 15. exd6 Bxd6 16. Bc4 Qd7 17. Rad1 a6 18. b4 Na4 19. Ba1 b5 20. Bb3 Nd5 21. c4 Ndc3 22. Qe3 Bxb4 23. Bxa4 Nxd1 24. Bxd1 Rd8 25. cxb5 axb5 26. N2b3 Bd5 27. Bf3 Bc4 28. Rd1 Qc7 29. g3 Bd6 30. Kg2 Kg8 31. Nc6 Re8 32. Qd4 Bf8 33. Ne5 Bxb3 34. axb3 Qc2+ 35. Rd2 Qxb3 36. Nd7 f6 37. Nxf8 Rxf8 38. Bc3 Qc4 39. Qxc4 bxc4 40. Rd7 Rb8 41. Rc7 h5 42. Be4 Rh6 43. Rxc4 e5 44. fxe5 fxe5 45. Bxe5 Re8 46. Bf4 Ra6 47. h4 Re7 48. Rc8+ Kf7 49. Bd5+ Kg6 50. Bc4 Rb6 51. Rc5 Rb2+ 52. Kh3 Rf2 53. Rg5+ Kh6 54. Re5+ Rxf4 55. gxf4 Rc7 56. Re6+ g6 57. Bd3 1-0

[Event "Lost Boys op"]
[Site "Amsterdam"]
[Date "2001.08.11"]
[Round "2"]
[White "Delafargue, Bertrand"]
[Black "Smeets, Jan"]
[Result "0-1"]
[WhiteElo "2150"]
[BlackElo "2311"]
[PlyCount "72"]
[EventDate "2001.08.10"]
[EventType "swiss"]
[EventRounds "9"]
[EventCountry "NED"]
[SourceTitle "CBM 083 Extra"]
[Source "ChessBase"]
[SourceDate "2001.09.11"]
[SourceVersion "1"]
[SourceVersionDate "2001.09.11"]
[SourceQuality "1"]

1. e4 e5 2. Nf3 Nc6 3. Bb5 a6 4. Ba4 Nf6 5. 0-0 Nxe4 6. d4 b5 7. Bb3 d5 8. dxe5 Be6 9. Qe2 Bc5 10. Be3 0-0 11. Rd1 Ne7 12. Nbd2 Bxe3 13. Qxe3 Nf5 14. Qe2 Nc5 15. c3 Ne7 16. Nd4 Nd7 17. Bc2 c5 18. Nxe6 fxe6 19. Qg4 Nf5 20. Nf3 Nb6 21. Re1 Qe7 22. Rad1 a5 23. h4 b4 24. Kh2 Rad8 25. cxb4 axb4 26. b3 Na8 27. Bxf5 Rxf5 28. a4 Rdf8 29. Kg1 Nb6 30. a5 Nc8 31. Rd2 Na7 32. Ra2 Nb5 33. Rc1 Nc3 34. Rac2 Rf4 35. Qg5 Qe8 36. Ra1 Ne4 0-1

[Event "FRA-chT3"]
[Site "Maisons Alfort"]
[Date "2001.03.31"]
[Round "8.3"]
[White "Reilhac, Philippe"]
[Black "Delafargue, Bertrand"]
[Result "0-1"]
[WhiteElo "2153"]
[BlackElo "2184"]
[PlyCount "114"]
[EventDate "2001.03.31"]
[EventType "team"]
[EventRounds "9"]
[EventCountry "FRA"]
[SourceTitle "EXT 2003"]
[Source "ChessBase"]
[SourceDate "2002.11.25"]
[SourceVersion "1"]
[SourceVersionDate "2002.11.25"]
[SourceQuality "1"]

1. e4 c5 2. Nf3 e6 3. d4 cxd4 4. Nxd4 Nc6 5. Be3 Qc7 6. Be2 Nf6 7. Nd2 a6 8. 0-0 b5 9. Kh1 Bb7 10. Nxc6 dxc6 11. f4 c5 12. Bf3 Be7 13. Qe2 0-0 14. c4 e5 15. f5 Rfd8 16. g4 h6 17. h4 Nh7 18. Qf2 Rd3 19. Rfe1 Qd8 20. g5 hxg5 21. Rg1 Rxe3 22. Qxe3 gxh4 23. Rad1 Qb6 24. Rg2 Rd8 25. Rdg1 Bf8 26. b4 Rd4 27. bxc5 Qf6 28. cxb5 axb5 29. Nb3 Ra4 30. Rc2 Qc6 31. Nd2 Be7 32. Rg4 Kf8 33. Qg1 Bf6 34. Qg2 Ke7 35. Nb3 Nf8 36. Rd2 Qc7 37. Rd6 Ra6 38. Rxa6 Bxa6 39. Qf2 Nd7 40. Rg1 Ke8 41. Rc1 Be7 42. Qe3 Nb8 43. Bh5 Bb7 44. Kh2 Nc6 45. Rd1 Nd4 46. Rc1 Bf6 47. Kg1 Qe7 48. Qd3 Bg5 49. Rf1 Nxb3 50. Qxb5+ Kf8 51. Qxb3 Bf4 52. c6 Bxc6 53. Bf3 Qg5+ 54. Kh1 Qg3 55. Qb8+ Be8 56. Qb2 Qh3+ 57. Kg1 Be3+ 0-1